MARC

LEADER 00000nas a2200000 a 4500
001 ssj0037224
003 WaSeSS
005 20200512172242.0
006 m d
007 cr n
008 080303c20009999dk fr pss | 0spa c
010 |a  2008262248 
022 |y 1600-0110 
035 |a (WaSeSS)ssj0037224 
040 |a CGU  |b eng  |c CGU  |d LGG  |d OCLCE  |d OCLCQ  |d OCLCO  |d OCLCQ  |d OCLCF  |d OCLCQ  |d OCLCO  |d OCLCQ  |d OCL  |d OCLCQ  |d WaSeSS 
042 |a pcc 
043 |a cl----- 
050 1 4 |a F1401  |b .D46 
245 0 0 |a Diálogos latinoamericanos  |h [electronic resource] /  |c Centro de Estudios Latinoamericanos, Universidad de Aarhus, Dinamarca. 
260 |a Aarhus, Dinamarca :  |b Centro de Estudios Latinoamericanos, Universidad de Aarhus, Dinamarca 
310 |a Semiannual 
362 1 |a Print began with no. 1 (2000). 
506 |a License restrictions may limit access. 
546 |a Chiefly Spanish and Portuguese, with some English and Danish. 
588 |a Description based on: Número 2 (2000); title from PDF running title (REDALYC Web site, viewed on Mar. 3, 2008). 
588 |a Latest issue consulted: Número 7 (2003). 
650 7 |a Civilization.  |2 fast  |0 (OCoLC)fst00862898 
650 7 |a Social conditions  |2 fast  |0 (OCoLC)fst01919811 
651 0 |a Latin America  |x Civilization  |v Periodicals. 
651 0 |a Latin America  |x Social conditions  |v Periodicals. 
651 7 |a Latin America.  |2 fast  |0 (OCoLC)fst01245945 
655 0 |a Electronic journals. 
710 2 |a Aarhus universitet.  |b Center for Latinamerikastudier. 
776 0 8 |i Print version:  |t Diálogos latinoamericanos  |x 1600-0110  |w (DLC) 2002240016  |w (OCoLC)48833804 
856 4 0 |z Full text available from PRISMA Database with HAPI Index: 01/01/2003 to 12/31/2005  |u https://search.proquest.com/publication/22424 
856 4 0 |z Full text available from PRISMA Database with HAPI Index: 01/01/2007 to 12/31/2010  |u https://search.proquest.com/publication/22424 
856 4 0 |z Full text available from PRISMA Database with HAPI Index: 01/01/2012 to 12/31/2016  |u https://search.proquest.com/publication/22424